Statistiques concernant 4 à la suite - Lexique du monde hippique

Cliquez ici pour prendre le quiz!

Statistiques générales

  • Ce quiz a été pris 31 fois
  • Le résultat moyen est 6 sur 12

Statistiques - réponses

Réponse% Correct
La selle
97%
Le jockey
93%
Le trot
93%
La cravache
90%
Les étriers
90%
Le débourrage
40%
Isabelle
37%
Un crack
30%
Un tocard
23%
Balzane
17%
Lice
10%
Foal
3%

Distribution des résultats

Percentile par nombre de réponses

% des personnes avec chaque résultat

Votre développement - résultats

Vous n’avez pas pris ce quiz